00396 2200157 4500001002100000005001500021035002000036245006500056100002000121300001200141260003900153082000800192084001400200990001200214990001200226INLIS00000000000195320250523091205 a0010-05250002451 aPsikologi Pembelajaran /cProf. Dr. H. Mohammad Asrori, M.Pd0 aMohammad Asrori a264 hlm aJakarta :bCV. Wacana Prima,c2007 a100 a100 MOH p a0713496 a0713497